The noble scholar, jurist, historian


 His Excellency Dr. Abdul Wahhab bin Ibrahim Abu Sulaiman, may Allah have mercy on him.


 He was born in Umm Al-Qura in the year 1356 AH.

التاريخ القويم لمكة وبيت الله الكريم / (Record no. 899)

MARC details
000 -LEADER
fixed length control field 01189cam a2200277 i 4500
003 - CONTROL NUMBER IDENTIFIER
control field SA-RiAUC
005 - DATE AND TIME OF LATEST TRANSACTION
control field 20241006064550.0
008 - FIXED-LENGTH DATA ELEMENTS--GENERAL INFORMATION
fixed length control field 241005s2004 su a g 00010 ara c
040 ## - CATALOGING SOURCE
Original cataloging agency SA-MaUQU
Language of cataloging ara
Transcribing agency SA-RiAUC
Description conventions rda
043 ## - GEOGRAPHIC AREA CODE
Geographic area code a-su---
082 04 - DEWEY DECIMAL CLASSIFICATION NUMBER
Classification number 953.121
090 ## - LOCALLY ASSIGNED LC-TYPE CALL NUMBER (OCLC); LOCAL CALL NUMBER (RLIN)
Classification number (OCLC) (R) ; Classification number, CALL (RLIN) (NR) 953.121
Local cutter number (OCLC) ; Book number/undivided call number, CALL (RLIN) ك ر د
100 1# - MAIN ENTRY--PERSONAL NAME
Personal name الكردي، محمد طاهر بن عبد القادر،
Dates associated with a name 1321-1400 هجري
Relator term مؤلف.
245 12 - TITLE STATEMENT
Title التاريخ القويم لمكة وبيت الله الكريم /
Statement of responsibility, etc. محمد طاهر الكردي المكي ؛ إشراف عبد الملك بن دهيش.
250 ## - EDITION STATEMENT
Edition statement الطبعة الأولى.
264 #1 - PRODUCTION, PUBLICATION, DISTRIBUTION, MANUFACTURE, AND COPYRIGHT NOTICE
Place of production, publication, distribution, manufacture مكة المكرمة :
Name of producer, publisher, distributor, manufacturer مكتبة الأسدي للنشر،
Date of production, publication, distribution, manufacture, or copyright notice 2004
300 ## - PHYSICAL DESCRIPTION
Extent 5 مجلد :
Other physical details إيضاحيات ؛
Dimensions 24 سم
336 ## - CONTENT TYPE
Content type term نص
Content type code txt
Source rdacontent
Materials specified كتاب
337 ## - MEDIA TYPE
Media type term بدون وسيط
Media type code n
Source rdamedia
338 ## - CARRIER TYPE
Carrier type term مجلد
Carrier type code nc
Source rdacarrier
610 27 - SUBJECT ADDED ENTRY--CORPORATE NAME
Corporate name or jurisdiction name as entry element المسجد الحرام
General subdivision تاريخ
Source of heading or term aucnm
651 #7 - SUBJECT ADDED ENTRY--GEOGRAPHIC NAME
Geographic name مكة المكرمة
General subdivision تاريخ
Source of heading or term aucsh
700 1# - ADDED ENTRY--PERSONAL NAME
Personal name ابن دهيش، عبد الملك بن عبد الله،
Dates associated with a name 1360 هجري-
Relator term مشرف.
942 ## - ADDED ENTRY ELEMENTS (KOHA)
Source of classification or shelving scheme Dewey Decimal Classification
Koha item type Books
Suppress in OPAC No
949 ## - LOCAL PROCESSING INFORMATION (OCLC)
a SA-JeALM
d 241005
u mohamedma123
n 1
Holdings
Withdrawn status Lost status Source of classification or shelving scheme Materials specified (bound volume or other part) Damaged status Not for loan Home library Current library Date acquired Total checkouts Full call number Barcode Date last seen Price effective from Koha item type
    Dewey Decimal Classification المجلد الاول 1-2     DR AbdElwahab Library DR AbdElwahab Library 10/06/2024   953.121 ك ر د 000001207 10/06/2024 10/06/2024 Books
    Dewey Decimal Classification المجلد الثاني 3-4     DR AbdElwahab Library DR AbdElwahab Library 10/06/2024   953.121 ك ر د 000001208 10/06/2024 10/06/2024 Books
    Dewey Decimal Classification المجلد الثالث 5     DR AbdElwahab Library DR AbdElwahab Library 10/06/2024   953.121 ك ر د 000001209 10/06/2024 10/06/2024 Books
    Dewey Decimal Classification المجلد الرابع 6     DR AbdElwahab Library DR AbdElwahab Library 10/06/2024   953.121 ك ر د 000001210 10/06/2024 10/06/2024 Books